Colombia : 2018 Article IV Consultation-Press Release; Staff Report; and Statement by the Executive Director for Colombia.

This 2018 Article IV Consultation highlights that Colombia's outlook is favorable as continued efforts to advance the structural reforms will foster economic diversification and productivity growth. In 2017, adequate policy management brought Colombia near completion of its adjustment to large...

詳細記述

書誌詳細
団体著者: International Monetary Fund. Western Hemisphere Dept
フォーマット: 雑誌
言語:English
出版事項: Washington, D.C. : International Monetary Fund, 2018.
シリーズ:IMF Staff Country Reports; Country Report ; No. 2018/128
オンライン・アクセス:Full text available on IMF
LEADER 01965cas a2200241 a 4500
001 AALejournalIMF018485
008 230101c9999 xx r poo 0 0eng d
020 |c 5.00 USD 
020 |z 9781484357651 
022 |a 1934-7685 
040 |a BD-DhAAL  |c BD-DhAAL 
110 2 |a International Monetary Fund.  |b Western Hemisphere Dept. 
245 1 0 |a Colombia :   |b 2018 Article IV Consultation-Press Release; Staff Report; and Statement by the Executive Director for Colombia. 
264 1 |a Washington, D.C. :  |b International Monetary Fund,  |c 2018. 
300 |a 1 online resource (65 pages) 
490 1 |a IMF Staff Country Reports 
500 |a <strong>Off-Campus Access:</strong> No User ID or Password Required 
500 |a <strong>On-Campus Access:</strong> No User ID or Password Required 
506 |a Electronic access restricted to authorized BRAC University faculty, staff and students 
520 3 |a This 2018 Article IV Consultation highlights that Colombia's outlook is favorable as continued efforts to advance the structural reforms will foster economic diversification and productivity growth. In 2017, adequate policy management brought Colombia near completion of its adjustment to large external shocks while further advancing inclusive growth. Economic growth moderated as private investment and consumption weakened in line with lower national income. Economic growth is expected to rebound strongly in 2018 and further over the medium-term, led by strengthening investment and exports. The combined impact of the structural tax reform, a brighter outlook for oil prices and the authorities Fourth Generation infrastructure agenda will underpin investment while reducing Colombia's relatively large infrastructure gap. 
538 |a Mode of access: Internet 
830 0 |a IMF Staff Country Reports; Country Report ;  |v No. 2018/128 
856 4 0 |z Full text available on IMF  |u http://elibrary.imf.org/view/journals/002/2018/128/002.2018.issue-128-en.xml  |z IMF e-Library